Uselo y tírelo
Gardado en:
| Autor Principal: | |
|---|---|
| Formato: | Libro |
| Idioma: | Lingua castelá |
| Publicado: |
Buenos Aires
Booket
2012
|
| Edición: | 1a. ed |
| Series: | Divulgación
|
| Subjects: | |
| Tags: |
Engadir etiqueta
Sen Etiquetas, Sexa o primeiro en etiquetar este rexistro!
|
MARC
| LEADER | 00000cam a2200000 a 4500 | ||
|---|---|---|---|
| 001 | UCE5741 | ||
| 003 | CL-VaPUC | ||
| 008 | 150305e20120000ag |||||||||||||||||spa|d | ||
| 020 | |a 9789875801639 | ||
| 082 | 0 | 4 | |a 306 |b GAL |2 21 |
| 100 | |a Galeano, Eduardo |e author |9 599485 | ||
| 245 | 1 | 0 | |a Uselo y tírelo |
| 250 | |a 1a. ed | ||
| 300 | |a 184 p | ||
| 942 | |c BK | ||
| 945 | |d 20150305 12:52:00 |a arojas | ||
| 260 | |a Buenos Aires |b Booket |c 2012 | ||
| 500 | |a Uselo y tírelo: el mundo visto desde una ecología latinoamericana | ||
| 650 | 0 | |a Ecología |9 258124 | |
| 650 | 0 | |a Recursos naturales |9 255232 | |
| 650 | 0 | |a Demografía |9 260008 | |
| 650 | 0 | |a Economía |9 255568 | |
| 650 | 7 | |a CONSUMISMO |2 CL-VaPUC |9 578405 | |
| 583 | |a last modification |c 20150305 12:52:00 |k Rodrigo Vera | ||
| 490 | 0 | |a Divulgación | |
| 999 | |c 358355 |d 358353 | ||
| 952 | |0 0 |1 0 |3 erb |4 0 |6 306_000000000000000_GAL_2012 |7 0 |8 A |9 466994 |a BIBING |b BIBING |i 5136865 |o 306 GAL 2012 |p 5136865 |r 2025-01-20 |w 2019-11-23 |y BK |z Catalogado en:20150305 |k CUI | ||